|
|
|
|
| LEADER |
00000nlm0a2200000 4500 |
| 001 |
59597 |
| 005 |
20250205063153.0 |
| 035 |
|
|
|a (RuTPU)RU\TPU\book\63036
|
| 090 |
|
|
|a 59597
|
| 100 |
|
|
|a 20040119d2003 k y0rusy50 ca
|
| 101 |
0 |
|
|a rus
|
| 102 |
|
|
|a RU
|
| 105 |
|
|
|a a dm 001zy
|
| 135 |
|
|
|a drbn ---uucaa
|
| 181 |
|
0 |
|a i
|
| 182 |
|
0 |
|a b
|
| 200 |
1 |
|
|a Технология изготовления силикатно-карбонатных сорбентов для очистки воды от катионов тяжелых металлов
|e автореферат диссертации на соискание ученой степени кандидата технических наук
|f А. Ю. Годымчук
|g Томский политехнический университет (ТПУ), Научно-исследовательский институт высоких напряжений (НИИВН) ; науч. рук. А. П. Ильин
|
| 203 |
|
|
|a Текст
|c электронный
|
| 210 |
|
|
|a Томск
|c [Б. и.]
|d 2003
|
| 215 |
|
|
|a 1 файл (1612 Kb)
|
| 300 |
|
|
|a Заглавие с титульного экрана
|
| 300 |
|
|
|a Электронная версия печатной публикации
|
| 337 |
|
|
|a Adobe Reader
|
| 452 |
|
1 |
|0 (RuTPU)RU\TPU\book\61653
|t Технология изготовления силикатно-карбонатных сорбентов для очистки воды от катионов тяжелых металлов
|o автореферат диссертации на соискание ученой степени кандидата технических наук
|o спец. 05.17.11
|f А. Ю. Годымчук
|g Томский политехнический университет (ТПУ), Научно-исследовательский институт высоких напряжений (НИИВН) ; науч. рук. А. П. Ильин
|c Томск
|n Б.и.
|d 2003
|p 20 с.
|a Годымчук, Анна Юрьевна
|
| 610 |
1 |
|
|a химическая технология
|
| 610 |
1 |
|
|a вода
|
| 610 |
1 |
|
|a воды подземные
|
| 610 |
1 |
|
|a очистка
|
| 610 |
1 |
|
|a неорганические сорбенты
|
| 610 |
1 |
|
|a примеси
|
| 610 |
1 |
|
|a тяжелые металлы
|
| 610 |
1 |
|
|a карбонатно-силикатные минералы
|
| 610 |
1 |
|
|a структура
|
| 610 |
1 |
|
|a свойства
|
| 610 |
1 |
|
|a исследования
|
| 610 |
1 |
|
|a нагревание
|
| 610 |
1 |
|
|a природные минералы
|
| 610 |
1 |
|
|a структурные превращения
|
| 610 |
1 |
|
|a фазовые превращения
|
| 610 |
1 |
|
|a химические превращения
|
| 610 |
1 |
|
|a катионы
|
| 610 |
1 |
|
|a извлечение
|
| 610 |
1 |
|
|a кипящий слой
|
| 610 |
1 |
|
|a авторефераты диссертаций
|
| 610 |
1 |
|
|a электронный ресурс
|
| 610 |
1 |
|
|a труды учёных ТПУ
|
| 675 |
|
|
|a 661.183(04)
|v 3
|
| 675 |
|
|
|a 628.161(04)
|v 3
|
| 686 |
|
|
|a 05.17.11
|2 oksvnk
|
| 700 |
|
1 |
|a Годымчук
|b А. Ю.
|c специалист в области нанотехнологий и наноматериалов
|c доцент Томского политехнического университета, кандидат технических наук
|f 1978-
|g Анна Юрьевна
|x TPU
|y Томск
|3 (RuTPU)RU\TPU\pers\26193
|9 12001
|
| 702 |
|
1 |
|a Ильин
|b А. П.
|c химик
|c профессор Томского политехнического университета, доктор физико-математических наук
|f 1949-
|g Александр Петрович
|3 (RuTPU)RU\TPU\pers\25487
|4 727
|
| 712 |
0 |
2 |
|a Томский политехнический университет (ТПУ)
|b Научно-исследовательский институт высоких напряжений (НИИВН)
|3 (RuTPU)RU\TPU\col\3249
|
| 801 |
|
1 |
|a RU
|b 63413507
|c 20040119
|g PSBO
|
| 801 |
|
2 |
|a RU
|b 63413507
|c 20151112
|g PSBO
|
| 856 |
4 |
|
|u http://www.lib.tpu.ru/fulltext/a/2003/82.pdf
|
| 942 |
|
|
|c CF
|